[Event "Reunion op 18th"]
[Site "St Denis"]
[Date "2016.10.13"]
[Round "5"]
[White "Rajaobelina, Hery"]
[Black "Coent, Yann"]
[Result "1-0"]
[WhiteElo "1683"]
[BlackElo "1812"]
[PlyCount "73"]
[EventDate "2016.10.10"]
[EventType "swiss"]
[EventRounds "7"]
[EventCountry "RUF"]
[SourceTitle "CBM 175 Extra"]
[Source "ChessBase"]
[SourceDate "2016.12.12"]
[SourceVersion "1"]
[SourceVersionDate "2016.12.12"]
[SourceQuality "1"]

1. e4 e5 2. Nf3 Nc6 3. Bb5 a6 4. Ba4 Nf6 5. 0-0 Be7 6. Re1 b5 7. Bb3 0-0 8. h3 d6 9. c3 Na5 10. Bc2 c5 11. d4 Qc7 12. d5 c4 13. Be3 Bd7 14. Nbd2 Nb7 15. a4 Nc5 16. Bxc5 Qxc5 17. Qe2 Rfb8 18. Reb1 g6 19. Nf1 Nh5 20. Qe3 Qc8 21. a5 Nf4 22. Ng3 Bxh3 23. gxh3 Qxh3 24. Ne1 Bh4 25. Bd1 f5 26. Qf3 Rf8 27. exf5 gxf5 28. Ng2 Nd3 29. Nxh4 Qxh4 30. Nh5 Kh8 31. Kf1 Rg8 32. Ng3 Qh3+ 33. Ke2 f4 34. Ne4 Qh2 35. Bc2 Nc5 36. Nxc5 e4 37. Nxe4 1-0

[Event "Reunion op 18th"]
[Site "St Denis"]
[Date "2016.10.10"]
[Round "1"]
[White "Coent, Yann"]
[Black "Leccia, Antoine"]
[Result "1-0"]
[WhiteElo "1812"]
[BlackElo "1342"]
[PlyCount "65"]
[EventDate "2016.10.10"]
[EventType "swiss"]
[EventRounds "7"]
[EventCountry "RUF"]
[SourceTitle "CBM 175 Extra"]
[Source "ChessBase"]
[SourceDate "2016.12.12"]
[SourceVersion "1"]
[SourceVersionDate "2016.12.12"]
[SourceQuality "1"]

1. e4 c5 2. Nf3 Nc6 3. Be2 Nf6 4. Nc3 d6 5. d4 cxd4 6. Nxd4 g6 7. Be3 Bg7 8. 0-0 0-0 9. Kh1 Bd7 10. Nxc6 Bxc6 11. f3 d5 12. e5 Nd7 13. f4 e6 14. Nb5 Bxb5 15. Bxb5 a6 16. Bd3 Rc8 17. c3 Re8 18. Qf3 Qc7 19. Qf2 Bf8 20. Qe2 Bc5 21. Bd2 Bf8 22. h4 Qd8 23. g3 h5 24. Kh2 Be7 25. Kh3 Kg7 26. Rg1 Rh8 27. Raf1 Nc5 28. Bb1 Nd7 29. Rg2 Rc6 30. Be1 Rc8 31. g4 Rb8 32. gxh5 Rxh5 33. Qxh5 1-0

[Event "Sautron op 15th"]
[Site "Sautron"]
[Date "2015.10.23"]
[Round "2.18"]
[White "Coent, Yann"]
[Black "Hutois, Mickael"]
[Result "0-1"]
[WhiteElo "1838"]
[BlackElo "2263"]
[PlyCount "82"]
[EventDate "2015.10.24"]
[EventType "swiss"]
[EventRounds "9"]
[EventCountry "FRA"]
[SourceTitle "EXT 2019"]
[Source "ChessBase"]
[SourceDate "2018.10.10"]
[SourceVersion "1"]
[SourceVersionDate "2018.10.10"]
[SourceQuality "1"]

1. e4 e5 2. Nf3 Nc6 3. Bb5 a6 4. Bxc6 dxc6 5. 0-0 Bd6 6. d4 exd4 7. Qxd4 f6 8. Be3 Ne7 9. Qc3 Ng6 10. Nbd2 Qe7 11. a3 0-0 12. h3 Nf4 13. Rfe1 Qf7 14. Bxf4 Bxf4 15. Rad1 Qg6 16. Kf1 Qh5 17. Nd4 c5 18. Qb3+ Qf7 19. Qxf7+ Kxf7 20. Ne2 Bd6 21. Nc4 Be7 22. Nf4 b5 23. Ne3 Bd6 24. Nfd5 Re8 25. Nf5 Bxf5 26. exf5 Rxe1+ 27. Rxe1 Re8 28. Rxe8 Kxe8 29. Ne3 Kd7 30. Ke2 Kc6 31. g4 Bf4 32. Nd1 Bc1 33. Kd3 c4+ 34. Kc3 Kc5 35. b4+ Kd5 36. Ne3+ Ke4 37. a4 Bxe3 38. fxe3 Kxe3 39. axb5 axb5 40. Kb2 Kd2 41. h4 h6 0-1

[Event "Sautron op 11th"]
[Site "Sautron"]
[Date "2011.10.23"]
[Round "3"]
[White "Duboue, Peio"]
[Black "Coent, Yann"]
[Result "1-0"]
[WhiteElo "2156"]
[BlackElo "1878"]
[PlyCount "53"]
[EventDate "2011.10.22"]
[EventType "swiss"]
[EventRounds "9"]
[EventCountry "FRA"]
[SourceTitle "EXT 2016"]
[Source "ChessBase"]
[SourceDate "2015.10.08"]
[SourceVersion "1"]
[SourceVersionDate "2015.10.08"]
[SourceQuality "1"]

1. e4 e5 2. Nf3 Nc6 3. Bc4 Bc5 4. c3 Nf6 5. d3 d6 6. 0-0 a6 7. Bb3 Ne7 8. Re1 0-0 9. Nbd2 Ng6 10. Nf1 Ba7 11. h3 h6 12. Ng3 Re8 13. d4 exd4 14. cxd4 Be6 15. Bxe6 Rxe6 16. Qd3 Qd7 17. Bd2 Rae8 18. Qc2 c6 19. Re2 Kh8 20. Rae1 Kg8 21. Qc3 Qd8 22. Kh1 Qb6 23. b3 Kh8 24. Be3 Nxe4 25. Nxe4 Rxe4 26. d5 c5 27. Bxh6 1-0

[Event "Guingamp op 15th"]
[Site "Guingamp"]
[Date "2011.03.06"]
[Round "2"]
[White "Colovic, Aleksandar"]
[Black "Coent, Yann"]
[Result "1-0"]
[WhiteElo "2450"]
[BlackElo "1868"]
[PlyCount "61"]
[EventDate "2011.03.05"]
[EventType "swiss"]
[EventRounds "9"]
[EventCountry "FRA"]
[SourceTitle "CBM 141 Extra"]
[Source "ChessBase"]
[SourceDate "2011.05.03"]
[SourceVersion "1"]
[SourceVersionDate "2011.05.03"]
[SourceQuality "1"]

1. d4 d5 2. c4 e6 3. Nc3 c6 4. e4 dxe4 5. Nxe4 Nf6 6. Nxf6+ Qxf6 7. Nf3 Bb4+ 8. Bd2 Bxd2+ 9. Qxd2 Nd7 10. Be2 b6 11. 0-0 0-0 12. Qe3 Bb7 13. c5 Rfd8 14. Rac1 Qe7 15. b4 Nf6 16. Rfd1 Nd5 17. Qb3 b5 18. a4 a6 19. Ra1 h6 20. Ra3 Kf8 21. Rda1 Qe8 22. g3 Kg8 23. Bf1 Nf6 24. Bg2 Kf8 25. Ne5 Rxd4 26. axb5 axb5 27. Rxa8 Bxa8 28. Ra7 Nd7 29. Nxc6 Nxc5 30. Qc2 Nd7 31. Nxd4 1-0

[Event "Rohde op 07th"]
[Site "Sautron"]
[Date "2007.11.01"]
[Round "7"]
[White "Gallant, Jeremy"]
[Black "Coent, Yann"]
[Result "1/2-1/2"]
[WhiteElo "1611"]
[BlackElo "1911"]
[PlyCount "51"]
[EventDate "2007.10.27"]
[EventType "swiss"]
[EventRounds "9"]
[EventCountry "FRA"]
[SourceTitle "EXT 2008"]
[Source "ChessBase"]
[SourceDate "2007.11.25"]
[SourceVersion "1"]
[SourceVersionDate "2007.11.25"]
[SourceQuality "1"]

1. e4 e5 2. Nf3 Nc6 3. Nc3 Nf6 4. Bb5 Bb4 5. Bxc6 bxc6 6. 0-0 0-0 7. d3 Re8 8. Bg5 d6 9. a3 Bxc3 10. bxc3 Bg4 11. Re1 h6 12. Bh4 g5 13. Bg3 Rb8 14. h3 Bh5 15. Bh2 g4 16. hxg4 Bxg4 17. Qd2 Kh7 18. Qe3 Rg8 19. d4 Bxf3 20. Qxf3 Rg5 21. Rab1 Rb6 22. Qd3 Qg8 23. Qf3 Qg6 24. Rb3 Nh5 25. Re2 Nf6 26. Bg3 1/2-1/2

[Event "Rohde op 07th"]
[Site "Sautron"]
[Date "2007.10.30"]
[Round "5"]
[White "Raetsky, Alexander"]
[Black "Coent, Yann"]
[Result "1-0"]
[WhiteElo "2410"]
[BlackElo "1911"]
[PlyCount "63"]
[EventDate "2007.10.27"]
[EventType "swiss"]
[EventRounds "9"]
[EventCountry "FRA"]
[SourceTitle "EXT 2008"]
[Source "ChessBase"]
[SourceDate "2007.11.25"]
[SourceVersion "1"]
[SourceVersionDate "2007.11.25"]
[SourceQuality "1"]

1. c4 e5 2. Nc3 Nf6 3. Nf3 Nc6 4. e3 Bb4 5. Qc2 0-0 6. Nd5 Bc5 7. a3 a5 8. Ng5 g6 9. h4 d6 10. b3 Nxd5 11. cxd5 Ne7 12. Bc4 Bf5 13. Bd3 Bxd3 14. Qxd3 h6 15. Ne4 Bb6 16. g4 f5 17. gxf5 Rxf5 18. Bb2 Qf8 19. 0-0-0 Qf7 20. Rdg1 Kh7 21. h5 Rg8 22. hxg6+ Rxg6 23. Ng5+ Rfxg5 24. Rxg5 Qf3 25. Rh2 Qxd5 26. Rxg6 Qc6+ 27. Kb1 Nxg6 28. Qf5 Qe8 29. f4 exf4 30. exf4 Qg8 31. Rxh6+ Kxh6 32. Qg5+ 1-0

[Event "Fouesnant op 12th"]
[Site "Fouesnant"]
[Date "2006.11.03"]
[Round "8"]
[White "Le Goff, Thierry"]
[Black "Coent, Yann"]
[Result "1-0"]
[WhiteElo "1700"]
[BlackElo "1926"]
[PlyCount "55"]
[EventDate "2006.10.28"]
[EventType "swiss"]
[EventRounds "9"]
[EventCountry "FRA"]
[SourceTitle "EXT 2008"]
[Source "ChessBase"]
[SourceDate "2007.11.25"]
[SourceVersion "1"]
[SourceVersionDate "2007.11.25"]
[SourceQuality "1"]

1. e4 g6 2. d4 Bg7 3. Nf3 d6 4. Be2 Nf6 5. Nc3 0-0 6. 0-0 Nbd7 7. h3 e5 8. dxe5 Nxe5 9. Nxe5 dxe5 10. Be3 Qe7 11. Qc1 b6 12. Bh6 Bb7 13. Bxg7 Kxg7 14. Bd3 Qc5 15. Re1 Rad8 16. Re3 Nh5 17. Ne2 Qe7 18. Qe1 Qg5 19. Qf1 Rd6 20. Ng3 Nf4 21. Rae1 Rfd8 22. Kh2 c5 23. b3 h5 24. Rd1 f5 25. Nxf5+ gxf5 26. Rg3 Qxg3+ 27. fxg3 Nxg2 28. Qxf5 1-0

[Event "Fouesnant op 12th"]
[Site "Fouesnant"]
[Date "2006.11.02"]
[Round "7"]
[White "Coent, Yann"]
[Black "Le Guichaoua, Roger"]
[Result "1/2-1/2"]
[WhiteElo "1926"]
[BlackElo "1780"]
[PlyCount "84"]
[EventDate "2006.10.28"]
[EventType "swiss"]
[EventRounds "9"]
[EventCountry "FRA"]
[SourceTitle "EXT 2008"]
[Source "ChessBase"]
[SourceDate "2007.11.25"]
[SourceVersion "1"]
[SourceVersionDate "2007.11.25"]
[SourceQuality "1"]

1. e4 e6 2. d4 d5 3. Nd2 Nf6 4. e5 Nfd7 5. Ngf3 c5 6. c3 Be7 7. Bd3 b6 8. Qe2 a5 9. 0-0 Ba6 10. Ne1 Bxd3 11. Qxd3 Nc6 12. f4 cxd4 13. cxd4 Nxd4 14. Ndf3 Nf5 15. Kh1 0-0 16. g4 Nh4 17. Nxh4 Bxh4 18. Nf3 Be7 19. Be3 Nc5 20. Qb5 Qc7 21. Rac1 Rfc8 22. Nd4 Qb7 23. Rc2 Qa6 24. Rfc1 Qb7 25. a3 a4 26. Kg1 Qa6 27. Qxa6 Rxa6 28. Nb5 Ra5 29. Nd4 Kf8 30. Kg2 Ke8 31. Kf3 Kd7 32. h3 Raa8 33. Nb5 Ra5 34. Nd4 Raa8 35. Ke2 Ra5 36. Bd2 Raa8 37. Bb4 Rc7 38. Nb5 Rc6 39. Ke3 Rcc8 40. Kf3 Rc6 41. Nd4 Rcc8 42. Ke3 Rc7 1/2-1/2

[Event "Fouesnant op 12th"]
[Site "Fouesnant"]
[Date "2006.11.01"]
[Round "6"]
[White "Frison, Stephane"]
[Black "Coent, Yann"]
[Result "1-0"]
[WhiteElo "1871"]
[BlackElo "1926"]
[PlyCount "55"]
[EventDate "2006.10.28"]
[EventType "swiss"]
[EventRounds "9"]
[EventCountry "FRA"]
[SourceTitle "EXT 2008"]
[Source "ChessBase"]
[SourceDate "2007.11.25"]
[SourceVersion "1"]
[SourceVersionDate "2007.11.25"]
[SourceQuality "1"]

1. e4 e5 2. Nf3 Nc6 3. Bb5 Nf6 4. 0-0 d6 5. Re1 Be7 6. c3 0-0 7. h3 Bd7 8. d4 exd4 9. cxd4 Kh8 10. Nc3 a6 11. Bd3 Kg8 12. Be3 Re8 13. Rc1 Bf8 14. Bg5 h6 15. Bxf6 Qxf6 16. Nd5 Qd8 17. e5 Rc8 18. Bb1 Ne7 19. Ne3 Nc6 20. e6 fxe6 21. Qd3 Ne7 22. Qh7+ Kf7 23. Ng4 Nf5 24. Bxf5 exf5 25. Nxh6+ Kf6 26. Rxe8 Qxe8 27. Ng8+ Kf7 28. Ng5# 1-0

[Event "Fouesnant op 12th"]
[Site "Fouesnant"]
[Date "2006.10.29"]
[Round "3"]
[White "Coent, Yann"]
[Black "Peyre, Thomas"]
[Result "1/2-1/2"]
[WhiteElo "1926"]
[BlackElo "1776"]
[PlyCount "61"]
[EventDate "2006.10.28"]
[EventType "swiss"]
[EventRounds "9"]
[EventCountry "FRA"]
[SourceTitle "EXT 2008"]
[Source "ChessBase"]
[SourceDate "2007.11.25"]
[SourceVersion "1"]
[SourceVersionDate "2007.11.25"]
[SourceQuality "1"]

1. d4 d5 2. Nf3 Nf6 3. Bf4 e6 4. e3 Nbd7 5. Nbd2 Be7 6. Be2 0-0 7. h3 b6 8. 0-0 Bb7 9. c4 c5 10. cxd5 Nxd5 11. Bg3 cxd4 12. Nxd4 Nc5 13. a3 Bf6 14. N2f3 Qe7 15. Be5 Rac8 16. Rc1 Rfd8 17. Qe1 Nd7 18. Rxc8 Rxc8 19. Bxf6 N7xf6 20. Qb1 Qc5 21. Rd1 h6 22. Ne1 Ne7 23. Nd3 Qg5 24. Bf3 Bxf3 25. Nxf3 Qa5 26. Nde5 Ned5 27. Rc1 Rxc1+ 28. Qxc1 Qa4 29. Qc8+ Qe8 30. Qb7 Qe7 31. Qb8+ 1/2-1/2

[Event "FRA-chT4 0304"]
[Site "Bretagne"]
[Date "2004.01.18"]
[Round "4"]
[White "Le Clanche, Joel"]
[Black "Coent, Yann"]
[Result "1-0"]
[WhiteElo "1850"]
[BlackElo "1840"]
[PlyCount "69"]
[EventDate "2003.10.12"]
[EventType "team"]
[EventRounds "9"]
[EventCountry "FRA"]
[SourceTitle "EXT 2005"]
[Source "ChessBase"]
[SourceDate "2004.11.15"]
[SourceVersion "1"]
[SourceVersionDate "2004.11.15"]
[SourceQuality "1"]

1. e4 e5 2. Nf3 Nc6 3. Bb5 a6 4. Ba4 Nf6 5. 0-0 b5 6. Bb3 Bc5 7. d3 h6 8. Nc3 d6 9. h3 0-0 10. Qe2 Na5 11. Be3 Nxb3 12. axb3 Bxe3 13. Qxe3 Bb7 14. Ne2 Nh7 15. Ng3 Bc8 16. b4 f5 17. exf5 Bxf5 18. Nxf5 Rxf5 19. d4 exd4 20. Nxd4 Rf7 21. Rfe1 Nf6 22. Qe6 Kf8 23. Nf5 Qd7 24. Nd4 Re8 25. Qxd7 Rxe1+ 26. Rxe1 Nxd7 27. Ne6+ Kg8 28. Nxc7 Nb8 29. Nd5 Rf8 30. Re6 Rd8 31. Re7 Kf8 32. Rc7 Re8 33. Kf1 Kg8 34. Ne7+ Kf8 35. Nf5 1-0

[Event "FRA-chT4 0304"]
[Site "Bretagne"]
[Date "2003.12.07"]
[Round "3"]
[White "Le Clanche, Joel"]
[Black "Coent, Yann"]
[Result "0-1"]
[WhiteElo "1850"]
[BlackElo "1840"]
[PlyCount "96"]
[EventDate "2003.10.12"]
[EventType "team"]
[EventRounds "9"]
[EventCountry "FRA"]
[SourceTitle "EXT 2005"]
[Source "ChessBase"]
[SourceDate "2004.11.15"]
[SourceVersion "1"]
[SourceVersionDate "2004.11.15"]
[SourceQuality "1"]

1. e4 e5 2. Nf3 Nc6 3. Bb5 a6 4. Bxc6 dxc6 5. 0-0 f6 6. d4 exd4 7. Nxd4 c5 8. Nb3 Qxd1 9. Rxd1 Bg4 10. f3 Be6 11. Be3 b6 12. Nc3 Bd6 13. Nd5 0-0-0 14. a4 Ne7 15. a5 Kb7 16. c4 Nc6 17. axb6 cxb6 18. Nc1 Nb4 19. Nxb4 cxb4 20. b3 Bxh2+ 21. Kxh2 Rxd1 22. Ra4 a5 23. Ne2 Rd3 24. Bg1 Bd7 25. Ra1 Rxb3 26. Rd1 Kc7 27. c5 bxc5 28. Bxc5 Rb2 29. Nf4 b3 30. Rd6 Bc6 31. Ne6+ Kb7 32. Nd4 Rc8 33. Re6 a4 34. Nf5 Rd2 35. Nd6+ Rxd6 36. Rxd6 Ra8 37. Ba3 Ra5 38. Kg3 Rb5 39. Rd2 Kb6 40. Kf4 Rc5 41. Ke3 Rc4 42. g3 Kb5 43. Rh2 Rc3+ 44. Kf4 g5+ 45. Kf5 Rxf3+ 46. Kg4 Bxe4 47. Rxh7 Rxg3+ 48. Kxg3 Bxh7 0-1

[Event "FRA-chT4 0304"]
[Site "Bretagne"]
[Date "2003.11.16"]
[Round "2"]
[White "Coent, Yann"]
[Black "Michel, Fabien"]
[Result "0-1"]
[WhiteElo "1840"]
[BlackElo "1850"]
[PlyCount "32"]
[EventDate "2003.10.12"]
[EventType "team"]
[EventRounds "9"]
[EventCountry "FRA"]
[SourceTitle "EXT 2005"]
[Source "ChessBase"]
[SourceDate "2004.11.15"]
[SourceVersion "1"]
[SourceVersionDate "2004.11.15"]
[SourceQuality "1"]

1. d4 Nf6 2. Nf3 d6 3. c4 g6 4. Nc3 Bg7 5. e4 Bg4 6. h3 Bxf3 7. Qxf3 Nc6 8. Be3 e5 9. d5 Nd4 10. Qd1 0-0 11. Bxd4 exd4 12. Nb5 Nxe4 13. Nxd4 Qf6 14. Nf3 Qxb2 15. Be2 Bc3+ 16. Kf1 Qb6 0-1

[Event "Fouesnant op 09th"]
[Site "Fouesnant"]
[Date "2003.10.26"]
[Round "2"]
[White "Coent, Yann"]
[Black "Jolly, Jean Francois"]
[Result "1-0"]
[WhiteElo "1840"]
[BlackElo "2106"]
[PlyCount "53"]
[EventDate "2003.10.25"]
[EventType "swiss"]
[EventRounds "9"]
[EventCountry "FRA"]
[SourceTitle "EXT 2006"]
[Source "ChessBase"]
[SourceDate "2005.11.24"]
[SourceVersion "1"]
[SourceVersionDate "2005.11.24"]
[SourceQuality "1"]

1. e4 e5 2. Nf3 Nc6 3. Bb5 a6 4. Ba4 Nf6 5. 0-0 Be7 6. d3 b5 7. Bb3 d6 8. h3 Na5 9. Nc3 Nxb3 10. axb3 c6 11. Nh2 g5 12. d4 h6 13. dxe5 dxe5 14. Qe2 Be6 15. Rd1 Qc7 16. Be3 Kf8 17. Nf1 Ne8 18. Ng3 Ng7 19. Qf3 h5 20. Nf5 g4 21. hxg4 hxg4 22. Qxg4 Nxf5 23. exf5 Rh4 24. Qf3 Bd7 25. f6 Bb4 26. Nxb5 Qb8 27. Qg3 1-0

[Event "Guingamp op 7th"]
[Site "Guingamp"]
[Date "2003.03.06"]
[Round "7"]
[White "Westrick, Erik"]
[Black "Coent, Yann"]
[Result "0-1"]
[WhiteElo "1660"]
[BlackElo "1820"]
[PlyCount "94"]
[EventDate "2003.03.02"]
[EventType "swiss"]
[EventRounds "9"]
[EventCountry "FRA"]
[SourceTitle "EXT 2004"]
[Source "ChessBase"]
[SourceDate "2003.11.25"]
[SourceVersion "1"]
[SourceVersionDate "2003.11.25"]
[SourceQuality "1"]

1. d4 d5 2. c4 c6 3. Nc3 Nf6 4. Nf3 e6 5. Bg5 Be7 6. e3 Nbd7 7. Bd3 0-0 8. 0-0 dxc4 9. Bxc4 b5 10. Bd3 Bb7 11. Rc1 a6 12. Qe2 Rc8 13. Rfd1 Re8 14. Bb1 Nd5 15. Ne4 N5f6 16. Bxf6 Nxf6 17. Nc5 Bxc5 18. dxc5 Qc7 19. Rd4 Rcd8 20. Rh4 e5 21. Ng5 h6 22. Ne4 Nxe4 23. Bxe4 Qe7 24. g3 Qf6 25. f4 exf4 26. Rxf4 Qe6 27. Qh5 Re7 28. Rcf1 Bc8 29. Qf3 g5 30. Bh7+ Kxh7 31. Rxf7+ Qxf7 32. Qxf7+ Rxf7 33. Rxf7+ Kg6 34. Rc7 Bd7 35. Ra7 Be6 36. Rxa6 Bd5 37. b4 Re8 38. Kf2 Re4 39. a4 bxa4 40. b5 Rc4 41. b6 Rxc5 42. Ra7 Rb5 43. b7 c5 44. Ra6+ Kh7 45. Rxa4 Rxb7 46. e4 Bb3 47. Ra8 Rc7 0-1

[Event "Guingamp op 7th"]
[Site "Guingamp"]
[Date "2003.03.02"]
[Round "2"]
[White "Coent, Yann"]
[Black "Alanic, Xavier"]
[Result "1/2-1/2"]
[WhiteElo "1820"]
[BlackElo "2125"]
[PlyCount "113"]
[EventDate "2003.03.02"]
[EventType "swiss"]
[EventRounds "9"]
[EventCountry "FRA"]
[SourceTitle "EXT 2004"]
[Source "ChessBase"]
[SourceDate "2003.11.25"]
[SourceVersion "1"]
[SourceVersionDate "2003.11.25"]
[SourceQuality "1"]

1. d4 Nf6 2. Nf3 g6 3. Bf4 d6 4. e3 Bg7 5. c3 0-0 6. h3 Nbd7 7. Nbd2 Re8 8. Bh2 c6 9. Be2 h6 10. 0-0 e5 11. dxe5 dxe5 12. e4 g5 13. Qc2 Nh7 14. Rad1 b5 15. Nb3 Qb6 16. Rd2 Nhf8 17. Rfd1 Re7 18. Nc1 Ng6 19. Rd6 Ndf8 20. c4 Qb7 21. Nb3 Ne6 22. Na5 Qc7 23. Nxc6 Nef4 24. Nxe7+ Qxe7 25. Bf1 h5 26. Rd8+ Kh7 27. cxb5 g4 28. hxg4 hxg4 29. Ne1 Bb7 30. R8d7 Qh4 31. Rxb7 Rh8 32. Qc3 Kg8 33. Rb8+ Bf8 34. Qg3 Qg5 35. f3 Kg7 36. Qxg4 Qh6 37. Rxf8 Qxh2+ 38. Kf2 Rxf8 39. Rd7 Rh8 40. Bc4 Nh3+ 41. Ke2 Nhf4+ 42. Kd1 Rf8 43. Kc2 Qg1 44. Nd3 Nxg2 45. Kc3 Qh2 46. Rxa7 Ne3 47. Qe6 Qc2+ 48. Kb4 Qd2+ 49. Kb3 Qd1+ 50. Kb4 Qd2+ 51. Kb3 Qd1+ 52. Kb4 Nxc4 53. Qxc4 Rd8 54. Qxf7+ Kh6 55. Nxe5 Qd6+ 56. Ka4 Qxe5 57. Ra6 1/2-1/2

[Event "Guingamp op 6th"]
[Site "Guingamp"]
[Date "2002.04.16"]
[Round "1"]
[White "Coent, Yann"]
[Black "Janev, Evgeni"]
[Result "0-1"]
[WhiteElo "1810"]
[BlackElo "2521"]
[PlyCount "64"]
[EventDate "2002.04.16"]
[EventType "swiss"]
[EventRounds "7"]
[EventCountry "FRA"]
[SourceTitle "EXT 2003"]
[Source "ChessBase"]
[SourceDate "2002.11.25"]
[SourceVersion "1"]
[SourceVersionDate "2002.11.25"]
[SourceQuality "1"]

1. d4 Nf6 2. Nf3 c5 3. c3 b6 4. Bf4 d6 5. e3 Bb7 6. Bd3 g6 7. Nbd2 Bg7 8. h3 0-0 9. 0-0 Nc6 10. Rc1 e5 11. Bg3 Re8 12. Bb1 e4 13. Ne1 Ba6 14. c4 cxd4 15. exd4 Nxd4 16. Nc2 Nf5 17. Bf4 d5 18. Ne3 Nxe3 19. fxe3 Nh5 20. b3 Nxf4 21. Rxf4 Bh6 22. cxd5 Bxf4 23. exf4 Bd3 24. Bxd3 exd3 25. Qf3 Qf6 26. Qxd3 Qxf4 27. Rf1 Qe3+ 28. Qxe3 Rxe3 29. Nc4 Rd3 30. Ne5 Rxd5 31. Nxf7 Kg7 32. h4 h6 0-1